Κ.Π. Καβάφης : η αισθητική της αποτυχίας ; διπλωματική εργασία
Αποθηκεύτηκε σε:
| Κύριος συγγραφέας: | |
|---|---|
| Συγγραφή απο Οργανισμό/Αρχή: | |
| Άλλοι συγγραφείς: | , , |
| Μορφή: | Thesis Βιβλίο |
| Γλώσσα: | Greek |
| Δημοσίευση: |
Ρόδος :
Πανεπιστήμιο Αιγαίου, Τμήμα Δημοτικής Εκπαίδευσης,
1995.
|
| Θέματα: | |
| Ετικέτες: |
Προσθήκη ετικέτας
Δεν υπάρχουν, Καταχωρήστε ετικέτα πρώτοι!
|
MARC
| LEADER | 00000cam a2200000 i 4500 | ||
|---|---|---|---|
| 001 | 1/57076 | ||
| 008 | 040609s1995 gre d | ||
| 035 | |l 10073709 | ||
| 040 | |a GR-MY-UA |b gre |e aacr | ||
| 041 | 0 | |a gre | |
| 082 | 7 | |a 889.1 |2 (21) | |
| 100 | 1 | |a Ξυδοπούλου, Μαρία. | |
| 245 | 1 | 0 | |a Κ.Π. Καβάφης : |b η αισθητική της αποτυχίας ; διπλωματική εργασία / |c Ξυδοπούλου Μαρία ; εποπτεύων διάσκων: Σπυροβασίλης Φιοραβάντες ; εξεταστική επιτροπή: Αλεξάνδρα Ζερβού, Διαμάντη Αναγνωστοπούλου. |
| 260 | |a Ρόδος : |b Πανεπιστήμιο Αιγαίου, Τμήμα Δημοτικής Εκπαίδευσης, |c 1995. | ||
| 300 | |a 106 σ. | ||
| 502 | |a Πτυχιακή εργασία – Πανεπιστήμιο Αιγαίου, Ρόδος, 1995. | ||
| 504 | |a Περιέχει βιβλιογραφικές αναφορές. | ||
| 600 | 1 | 0 | |a Καβάφης, Κωνσταντίνος Π., |d 1863-1933. |
| 610 | 2 | 0 | |a University of the Aegean |x Dissertations. |
| 650 | 0 | 0 | |a Poets, Greek |x History and criticism. |
| 650 | 0 | 0 | |a Dissertations, Academic |z Greece. |
| 700 | 1 | |a Φιοραβάντες, Βασίλης, |d 1952- |4 ths | |
| 700 | 1 | |a Ζερβού, Αλεξάνδρα Κ. |4 ths | |
| 700 | 1 | |a Αναγνωστοπούλου, Διαμάντη. |4 ths | |
| 710 | 2 | |a Πανεπιστήμιο Αιγαίου |b Σχολή Ανθρωπιστικών Σπουδών |b Τμήμα Δημοτικής Εκπαίδευσης. | |
| 852 | |a INST |b RHODES |c DIATR |e 20040609 |h 889.1 ΞΥΔ |p 005400018866 |q 005400018866 |t DIE |y 23 | ||
| 901 | |a BIBL4-2004-2 | ||
| 909 | |a Ρ |b 109646 | ||
| 924 | |a ΞΥΔΟΠΟΥΛΟΥ |b ΜΑΡΙΑ |y Ρόδος |z 1995-08 | ||
| 970 | |a ΚΟΥΛΑΚΙΟΤΗ |b ΛΙΤΣΑ |z 2004/06/09 | ||